[Event "XLV Open Internacional Barbera del Valles 2023"]
[Site "Barberà del Vallès"]
[Date "2023.07.11"]
[Round "8.1"]
[White "Asis Gargatagli, Hipolito"]
[Black "Grigoryan, Karen H."]
[Result "1/2-1/2"]
[BlackElo "2621"]
[WhiteElo "2530"]
[LiveChessVersion "1.4.8"]

1. e4 {[%clk 1:30:57]} e5 {[%clk 1:30:39]} 2. Nf3 {[%clk 1:31:16]} Nc6 3. Bc4
{[%clk 1:31:29]} Bc5 {[%clk 1:31:01]} 4. c3 {[%clk 1:31:26]} Nf6 {[%clk 1:31:20]}
5. d3 {[%clk 1:31:52]} a6 {[%clk 1:30:46]} 6. O-O {[%clk 1:31:26]} d6
{[%clk 1:30:56]} 7. a4 {[%clk 1:30:11]} Ba7 {[%clk 1:30:38]} 8. Re1
{[%clk 1:30:04]} h6 {[%clk 1:27:12]} 9. Nbd2 {[%clk 1:29:19]} O-O
{[%clk 1:12:21]} 10. h3 Be6 11. Bxe6 {[%clk 1:21:32]} fxe6 {[%clk 1:12:43]} 12.
Nf1 {[%clk 1:15:48]} d5 {[%clk 1:02:15]} 13. Ng3 {[%clk 1:13:54]} Qd6
{[%clk 0:53:24]} 14. Be3 {[%clk 0:51:57]} Bxe3 {[%clk 0:50:29]} 15. Rxe3 d4
1/2-1/2

[Event "XLV Open Internacional Barbera del Valles 2023"]
[Site "Barberà del Vallès"]
[Date "2023.07.11"]
[Round "8.2"]
[White "Cuartas, Jaime Alexander"]
[Black "Alsina Leal, Daniel"]
[Result "1-0"]
[BlackElo "2519"]
[WhiteElo "2526"]
[LiveChessVersion "1.4.8"]

1. e4 {[%clk 1:30:58]} c5 {[%clk 1:30:36]} 2. Nf3 {[%clk 1:31:22]} d6
{[%clk 1:30:55]} 3. Bb5+ {[%clk 1:31:47]} Bd7 {[%clk 1:31:10]} 4. a4
{[%clk 1:32:06]} Nc6 {[%clk 1:29:40]} 5. O-O {[%clk 1:32:16]} g6 {[%clk 1:13:08]}
6. c3 {[%clk 1:32:06]} Nf6 {[%clk 1:11:18]} 7. Re1 {[%clk 1:32:19]} a6
{[%clk 1:06:20]} 8. Bf1 {[%clk 1:31:49]} Bg7 {[%clk 1:05:02]} 9. h3
{[%clk 1:32:11]} O-O {[%clk 1:04:53]} 10. d4 {[%clk 1:29:28]} cxd4
{[%clk 0:56:19]} 11. cxd4 {[%clk 1:27:13]} d5 {[%clk 0:54:21]} 12. e5
{[%clk 1:26:38]} Ne4 {[%clk 0:54:45]} 13. Nc3 {[%clk 1:26:57]} Nxc3
{[%clk 0:53:03]} 14. bxc3 {[%clk 1:27:19]} Na5 {[%clk 0:51:57]} 15. Ba3
{[%clk 1:23:27]} Rc8 {[%clk 0:49:38]} 16. Bb4 {[%clk 1:21:59]} Nc6
{[%clk 0:47:37]} 17. Bc5 {[%clk 1:22:08]} b6 {[%clk 0:44:53]} 18. Ba3
{[%clk 1:22:22]} Na5 {[%clk 0:44:42]} 19. Bb4 {[%clk 1:19:29]} Nc4
{[%clk 0:43:26]} 20. Bxc4 {[%clk 1:19:44]} Rxc4 {[%clk 0:42:59]} 21. a5
{[%clk 1:20:01]} bxa5 {[%clk 0:37:13]} 22. Rxa5 {[%clk 1:20:20]} Bb5
{[%clk 0:37:07]} 23. Nd2 {[%clk 1:09:54]} Rc6 {[%clk 0:33:45]} 24. Nb3
{[%clk 1:09:54]} f6 {[%clk 0:28:58]} 25. e6 {[%clk 1:08:10]} Bh6 {[%clk 0:28:28]}
26. Qf3 {[%clk 1:08:09]} Bc4 {[%clk 0:21:48]} 27. Rc5 {[%clk 1:05:12]} Rxc5
{[%clk 0:18:09]} 28. Nxc5 {[%clk 1:05:35]} Qc7 {[%clk 0:12:40]} 29. Nd7
{[%clk 0:51:42]} Re8 {[%clk 0:12:34]} 30. g3 {[%clk 0:45:01]} Bg7
{[%clk 0:08:45]} 31. Bc5 {[%clk 0:37:18]} Qa5 {[%clk 0:08:18]} 32. Rb1
{[%clk 0:33:18]} Qa2 {[%clk 0:07:31]} 33. Rb7 {[%clk 0:33:15]} Be2
{[%clk 0:05:24]} 34. Qf4 {[%clk 0:33:31]} g5 {[%clk 0:03:44]} 35. Qc1
{[%clk 0:27:52]} h5 {[%clk 0:03:36]} 36. Rb2 {[%clk 0:27:40]} Qc4
{[%clk 0:03:21]} 37. Qe3 {[%clk 0:26:50]} Bf1 {[%clk 0:02:10]} 38. Nb6
{[%clk 0:27:11]} Qd3 {[%clk 0:02:34]} 39. Qxd3 {[%clk 0:27:37]} Bxd3
{[%clk 0:02:57]} 40. Nxd5 {[%clk 0:28:00]} Bf8 {[%clk 0:02:52]} 41. Rb7
{[%clk 0:21:06]} Bc4 {[%clk 0:02:22]} 42. Nc7 {[%clk 0:17:38]} Rc8
{[%clk 0:01:56]} 43. f3 {[%clk 0:17:47]} f5 {[%clk 0:01:14]} 44. Kf2
{[%clk 0:17:09]} f4 {[%clk 0:01:39]} 45. g4 {[%clk 0:16:53]} hxg4
{[%clk 0:00:55]} 46. hxg4 {[%clk 0:16:51]} Kg7 {[%clk 0:00:33]} 47. Bb4
{[%clk 0:15:43]} Kf6 {[%clk 0:00:39]} 48. Ra7 {[%clk 0:16:04]} Bxe6
{[%clk 0:00:32]} 49. Nxe6 {[%clk 0:14:54]} Kxe6 {[%clk 0:01:00]} 50. Rxa6+
{[%clk 0:15:19]} Kf7 {[%clk 0:01:07]} 51. Ra5 {[%clk 0:15:08]} e6
{[%clk 0:00:36]} 52. Bxf8 {[%clk 0:13:10]} Kxf8 {[%clk 0:01:01]} 53. Rc5
{[%clk 0:12:31]} Rxc5 {[%clk 0:01:07]} 54. dxc5 {[%clk 0:13:00]} e5
{[%clk 0:01:27]} 55. Ke2 {[%clk 0:13:26]} e4 {[%clk 0:01:48]} 56. fxe4
{[%clk 0:13:53]} Ke7 {[%clk 0:02:03]} 57. e5 {[%clk 0:14:17]} Ke6
{[%clk 0:01:31]} 58. c6 {[%clk 0:14:40]} Ke7 {[%clk 0:01:53]} 59. Kf3
{[%clk 0:14:55]} Ke6 {[%clk 0:02:18]} 60. Ke4 {[%clk 0:15:17]} Ke7
{[%clk 0:02:42]} 61. c4 {[%clk 0:15:33]} Ke6 {[%clk 0:03:06]} 62. c5
{[%clk 0:15:45]} Ke7 {[%clk 0:03:29]} 63. Kd3 {[%clk 0:13:34]} Ke6
{[%clk 0:03:54]} 64. Kc3 {[%clk 0:13:31]} Ke7 {[%clk 0:04:20]} 65. Kc4
{[%clk 0:13:41]} Ke6 {[%clk 0:04:44]} 66. Kb5 {[%clk 0:13:34]} f3
{[%clk 0:04:54]} 67. c7 {[%clk 0:13:58]} Kd7 {[%clk 0:04:23]} 68. Kb6
{[%clk 0:14:22]} f2 {[%clk 0:04:11]} 69. e6+ {[%clk 0:14:38]} 1-0

[Event "XLV Open Internacional Barbera del Valles 2023"]
[Site "Barberà del Vallès"]
[Date "2023.07.11"]
[Round "8.4"]
[White "Escalante Ramirez, Brian Sebasti"]
[Black "Kaustuv, Kundu"]
[Result "1-0"]
[BlackElo "2266"]
[WhiteElo "2488"]
[LiveChessVersion "1.4.8"]

1. e4 c6 2. Nc3 d5 3. Nf3 dxe4 4. Nxe4 Nf6 5. Qe2 Nxe4 6. Qxe4 Be6 7. b3 Nd7 8.
Bb2 Nf6 9. Qh4 Bf5 10. Ne5 e6 11. Bd3 Bxd3 12. Nxd3 Be7 13. O-O Qd5 14. Rfe1 Nd7
15. Qg3 O-O-O 16. Re2 Bf6 17. Rae1 Rhg8 18. a4 h5 19. Ba3 h4 20. Qe3 g5 21. Qe4
Nb6 22. Bc5 Qxe4 23. Rxe4 Rd5 24. h3 Rgd8 25. g4 hxg3 26. fxg3 Rxc5 27. Nxc5 Rxd2
28. Rf1 Nd5 29. Rf2 Bd4 30. Rxd4 Rxd4 31. Rxf7 Rd2 32. c4 Ne3 33. Rf8+ Kc7 34.
Nxe6+ Kb6 35. Rf3 Rd1+ 36. Kf2 g4 37. Rxe3 gxh3 38. Re5 1-0

[Event "XLV Open Internacional Barbera del Valles 2023"]
[Site "Barberà del Vallès"]
[Date "2023.07.11"]
[Round "8.5"]
[White "Jimenez Garcia, Emmanuel"]
[Black "Janzelj, Tim"]
[Result "0-1"]
[BlackElo "2453"]
[WhiteElo "2437"]
[LiveChessVersion "1.4.8"]

1. Nf3 {[%clk 1:30:29]} d5 {[%clk 1:30:32]} 2. g3 {[%clk 1:30:48]} Nf6
{[%clk 1:30:38]} 3. Bg2 {[%clk 1:31:11]} c5 {[%clk 1:30:20]} 4. O-O
{[%clk 1:31:20]} e6 {[%clk 1:30:40]} 5. d4 {[%clk 1:30:08]} cxd4 {[%clk 1:30:45]}
6. b3 {[%clk 1:27:05]} Bc5 {[%clk 1:22:57]} 7. Bb2 {[%clk 1:26:13]} O-O
{[%clk 1:23:12]} 8. Bxd4 {[%clk 1:24:45]} Bxd4 {[%clk 1:23:31]} 9. Qxd4
{[%clk 1:24:13]} Nc6 {[%clk 1:23:52]} 10. Qb2 {[%clk 1:16:44]} Qe7 11. Ne5 Nxe5
{[%clk 0:59:11]} 12. Qxe5 {[%clk 1:17:07]} Ng4 {[%clk 0:46:50]} 13. Qb2
{[%clk 1:13:24]} Qg5 {[%clk 0:47:01]} 14. h3 {[%clk 1:04:24]} Nf6 15. c4 dxc4
{[%clk 0:42:59]} 16. Nd2 {[%clk 0:59:02]} cxb3 {[%clk 0:43:05]} 17. axb3 Nd5 18.
e4 {[%clk 0:52:25]} Nb6 {[%clk 0:34:51]} 19. e5 {[%clk 0:52:05]} Nd5 20. Ra4 Bd7
{[%clk 0:27:57]} 21. Rg4 {[%clk 0:45:36]} Qe7 {[%clk 0:28:26]} 22. Ne4
{[%clk 0:45:03]} Kh8 {[%clk 0:23:47]} 23. Rd1 {[%clk 0:31:33]} Bc6
{[%clk 0:22:51]} 24. Nd6 {[%clk 0:28:53]} f5 {[%clk 0:18:07]} 25. Rgd4
{[%clk 0:27:17]} f4 26. Bxd5 {[%clk 0:18:12]} Bxd5 {[%clk 0:17:12]} 27. g4
{[%clk 0:16:53]} h5 28. f3 {[%clk 0:14:56]} Bxf3 {[%clk 0:08:52]} 29. Rf1
{[%clk 0:15:17]} hxg4 {[%clk 0:06:48]} 30. hxg4 {[%clk 0:15:34]} Bxg4
{[%clk 0:07:17]} 31. Qh2+ {[%clk 0:14:48]} Kg8 32. Kf2 {[%clk 0:10:52]} Qc7
{[%clk 0:05:29]} 0-1

[Event "XLV Open Internacional Barbera del Valles 2023"]
[Site "Barberà del Vallès"]
[Date "2023.07.11"]
[Round "8.6"]
[White "Delgado Romero, Marco"]
[Black "Ayats Llobera, Gerard"]
[Result "1/2-1/2"]
[BlackElo "2452"]
[WhiteElo "2290"]
[LiveChessVersion "1.4.8"]

1. Nf3 Nf6 2. c4 g6 3. Nc3 d5 4. cxd5 Nxd5 5. Qa4+ c6 6. Nxd5 Qxd5 7. e4 Qd6 8.
d4 Bg7 9. Be2 O-O 10. O-O Nd7 11. Rd1 Nb6 12. Qa5 Bg4 13. e5 Qd7 14. h3 Be6 15.
Ng5 Bd5 16. Bg4 e6 17. Qe1 Qe7 18. Bf3 Rfd8 19. Bxd5 Rxd5 20. Ne4 h6 21. a4 Rad8
22. a5 Nc4 23. Be3 Nxb2 24. Rdb1 Nc4 25. Qc3 Nxe3 26. fxe3 Rb5 27. Nd6 Rxb1+ 28.
Rxb1 Rd7 29. a6 1/2-1/2

[Event "XLV Open Internacional Barbera del Valles 2023"]
[Site "Barberà del Vallès"]
[Date "2023.07.11"]
[Round "8.7"]
[White "Valenzuela Gomez, Fernando"]
[Black "Narciso Dublan, Marc"]
[Result "1-0"]
[BlackElo "2424"]
[WhiteElo "2403"]
[LiveChessVersion "1.4.8"]

1. d4 d5 2. Nf3 e6 3. c4 Nf6 4. Nc3 a6 5. cxd5 exd5 6. Bg5 Be6 7. Bxf6 Qxf6 8.
Qb3 Ra7 9. h4 Qd8 10. Ng5 c5 11. dxc5 Nd7 12. O-O-O Nxc5 13. Qc2 Be7 14. f4 b5
15. Kb1 Rc7 16. f5 b4 17. fxe6 bxc3 18. exf7+ Kf8 19. e4 h6 20. Rxd5 Rd7 21. Rxd7
Qxd7 22. Nf3 Qe6 23. Bd3 Nxd3 24. Qxd3 Kxf7 25. Rf1 Kg8 26. Nd4 Qb6 27. Qxc3 Kh7
28. Nf5 Bf6 29. e5 Qb5 30. Re1 Rb8 31. Nd4 1-0

[Event "XLV Open Internacional Barbera del Valles 2023"]
[Site "Barberà del Vallès"]
[Date "2023.07.11"]
[Round "8.8"]
[White "Stremavicius, Titas"]
[Black "Vehi Bach, Victor Manuel"]
[Result "1-0"]
[BlackElo "2215"]
[WhiteElo "2549"]
[LiveChessVersion "1.4.8"]

1. c4 {[%clk 1:30:57]} c5 {[%clk 1:30:44]} 2. Nf3 {[%clk 1:31:20]} g6
{[%clk 1:30:57]} 3. e4 {[%clk 1:31:42]} Bg7 {[%clk 1:31:12]} 4. d4
{[%clk 1:32:08]} cxd4 {[%clk 1:31:38]} 5. Nxd4 {[%clk 1:32:31]} Nc6
{[%clk 1:32:03]} 6. Be3 {[%clk 1:32:56]} Qb6 {[%clk 1:32:03]} 7. Nb3
{[%clk 1:33:20]} Qd8 {[%clk 1:32:02]} 8. Nc3 {[%clk 1:33:33]} Bxc3+
{[%clk 1:31:44]} 9. bxc3 {[%clk 1:33:59]} Nf6 {[%clk 1:32:06]} 10. f3
{[%clk 1:32:01]} d6 {[%clk 1:31:19]} 11. Be2 {[%clk 1:30:00]} b6 {[%clk 1:26:49]}
12. a4 {[%clk 1:28:57]} O-O {[%clk 1:23:20]} 13. a5 {[%clk 1:26:13]} Nxa5
{[%clk 1:18:41]} 14. Nxa5 {[%clk 1:26:22]} bxa5 {[%clk 1:19:04]} 15. c5
{[%clk 1:21:56]} d5 {[%clk 0:52:08]} 16. e5 {[%clk 1:21:57]} Ne8 {[%clk 0:52:27]}
17. Qa4 {[%clk 1:22:01]} f6 {[%clk 0:40:35]} 18. Bd4 {[%clk 1:15:31]} fxe5
{[%clk 0:32:06]} 19. Bxe5 {[%clk 1:15:55]} Nf6 {[%clk 0:31:42]} 20. O-O
{[%clk 1:14:13]} Nd7 {[%clk 0:28:07]} 21. Bd4 {[%clk 1:13:55]} Nb8
{[%clk 0:23:00]} 22. Rfd1 {[%clk 1:07:21]} Bd7 {[%clk 0:21:15]} 23. Qb3
{[%clk 0:59:46]} e6 {[%clk 0:20:35]} 24. c4 {[%clk 0:58:33]} Bc6 {[%clk 0:21:00]}
25. Qe3 {[%clk 0:57:54]} Qe7 {[%clk 0:18:23]} 26. Be5 {[%clk 0:55:52]} Re8
{[%clk 0:15:56]} 27. Bd6 {[%clk 0:50:37]} Qd8 {[%clk 0:12:05]} 28. f4
{[%clk 0:38:00]} Nd7 {[%clk 0:10:53]} 29. Bg4 {[%clk 0:38:19]} Qf6
{[%clk 0:10:18]} 30. Re1 {[%clk 0:30:09]} Nf8 {[%clk 0:04:14]} 31. Be5
{[%clk 0:30:00]} Qd8 {[%clk 0:04:03]} 32. Bc3 {[%clk 0:29:21]} d4
{[%clk 0:01:22]} 33. Bxd4 {[%clk 0:29:28]} Qc7 {[%clk 0:01:41]} 34. Be5
{[%clk 0:29:19]} Qe7 1-0

[Event "XLV Open Internacional Barbera del Valles 2023"]
[Site "Barberà del Vallès"]
[Date "2023.07.11"]
[Round "8.9"]
[White "Deshmukh, Anup"]
[Black "Kovchan, Alexander"]
[Result "0-1"]
[BlackElo "2468"]
[WhiteElo "2121"]
[LiveChessVersion "1.4.8"]

1. c4 {[%clk 1:18:36]} e5 2. Nc3 {[%clk 1:18:20]} Nf6 {[%clk 1:31:09]} 3. Nf3
{[%clk 1:18:42]} Nc6 {[%clk 1:31:26]} 4. g3 {[%clk 1:19:05]} Bb4 {[%clk 1:31:45]}
5. Bg2 {[%clk 1:18:42]} O-O {[%clk 1:31:55]} 6. O-O {[%clk 1:18:58]} e4
{[%clk 1:32:05]} 7. Ng5 {[%clk 1:19:02]} Bxc3 {[%clk 1:32:20]} 8. dxc3
{[%clk 1:17:12]} Re8 {[%clk 1:32:31]} 9. Nh3 {[%clk 1:17:21]} Ne5
{[%clk 1:29:30]} 10. b3 {[%clk 1:16:54]} d6 {[%clk 1:27:35]} 11. Nf4 Bf5 12. Nd5
{[%clk 1:14:01]} h6 {[%clk 1:21:44]} 13. Bf4 Ng6 {[%clk 1:19:08]} 14. Be3
{[%clk 1:07:30]} Ng4 {[%clk 1:06:36]} 15. Bd4 {[%clk 1:00:15]} h5 16. Qd2
{[%clk 0:50:43]} N4e5 {[%clk 0:59:12]} 17. Rad1 Qd7 18. c5 {[%clk 0:36:24]} dxc5
{[%clk 0:55:18]} 19. Bxe5 {[%clk 0:32:33]} Rxe5 {[%clk 0:54:30]} 20. Nf6+
{[%clk 0:29:45]} gxf6 {[%clk 0:54:54]} 21. Qxd7 {[%clk 0:30:06]} Bxd7
{[%clk 0:55:22]} 22. Rxd7 {[%clk 0:30:24]} Rc8 {[%clk 0:55:39]} 23. Rfd1
{[%clk 0:29:03]} Kg7 {[%clk 0:43:54]} 24. h4 b6 {[%clk 0:42:59]} 25. e3
{[%clk 0:25:48]} Nf8 {[%clk 0:40:43]} 26. R7d2 {[%clk 0:22:30]} Rce8
{[%clk 0:38:28]} 27. Bf1 {[%clk 0:22:40]} a5 {[%clk 0:36:32]} 28. Bb5
{[%clk 0:21:13]} Rc8 29. a4 {[%clk 0:19:47]} Re7 {[%clk 0:32:28]} 30. Be2
{[%clk 0:19:59]} Kg6 {[%clk 0:32:33]} 31. Rd5 {[%clk 0:19:53]} Re5
{[%clk 0:32:11]} 32. R5d2 {[%clk 0:18:07]} f5 {[%clk 0:31:16]} 33. Bc4
{[%clk 0:17:41]} Re7 {[%clk 0:30:51]} 34. Ba6 {[%clk 0:17:21]} Ra8
{[%clk 0:31:12]} 35. Bc4 Nh7 {[%clk 0:30:52]} 36. Kf1 {[%clk 0:15:42]} Nf6
{[%clk 0:31:16]} 37. Ke2 {[%clk 0:14:49]} Kg7 {[%clk 0:31:22]} 38. Bb5
{[%clk 0:14:35]} Rb8 {[%clk 0:31:35]} 39. Ke1 {[%clk 0:12:58]} Kg6
{[%clk 0:31:37]} 40. Ke2 Re5 {[%clk 0:27:29]} 41. Ke1 {[%clk 0:13:01]} Kg7
{[%clk 0:27:44]} 42. Ke2 {[%clk 0:13:23]} Kf8 {[%clk 0:28:07]} 43. Ke1
{[%clk 0:12:28]} Ke7 {[%clk 0:28:22]} 44. Ke2 {[%clk 0:12:04]} Re6
{[%clk 0:28:42]} 45. Bd7 {[%clk 0:12:13]} Re5 {[%clk 0:23:07]} 46. Bb5
{[%clk 0:12:36]} Rh8 {[%clk 0:23:18]} 47. Ke1 {[%clk 0:10:58]} Rc8
{[%clk 0:22:47]} 48. Ba6 {[%clk 0:11:20]} Rb8 {[%clk 0:23:11]} 49. Bb5
{[%clk 0:11:45]} Re6 {[%clk 0:23:24]} 50. Bd7 {[%clk 0:12:07]} Rd6
{[%clk 0:23:49]} 51. Bxf5 {[%clk 0:12:04]} b5 {[%clk 0:24:17]} 52. Ra1
{[%clk 0:08:51]} c4 {[%clk 0:22:46]} 53. bxc4 {[%clk 0:07:42]} bxc4
{[%clk 0:23:13]} 54. Rd4 {[%clk 0:04:35]} Rxd4 {[%clk 0:23:22]} 55. exd4
{[%clk 0:04:34]} Rb2 {[%clk 0:23:01]} 56. Kf1 {[%clk 0:03:29]} Kd6
{[%clk 0:23:29]} 57. Re1 {[%clk 0:03:41]} Kd5 {[%clk 0:23:57]} 58. f3
{[%clk 0:03:50]} exf3 {[%clk 0:24:15]} 59. Re5+ {[%clk 0:04:12]} Kd6
{[%clk 0:24:39]} 60. Re3 {[%clk 0:03:17]} Ng4 {[%clk 0:22:04]} 61. Bxg4
{[%clk 0:03:37]} hxg4 {[%clk 0:22:31]} 62. Re5 {[%clk 0:02:52]} Rg2
{[%clk 0:22:25]} 63. h5 {[%clk 0:01:53]} Rxg3 {[%clk 0:22:46]} 64. Rg5
{[%clk 0:01:26]} f6 {[%clk 0:22:59]} 65. Rg6 {[%clk 0:01:44]} Ke6
{[%clk 0:23:22]} 66. h6 {[%clk 0:01:59]} Kf5 {[%clk 0:23:12]} 67. h7
{[%clk 0:01:34]} Rh3 {[%clk 0:23:37]} 68. Rg7 {[%clk 0:01:59]} Rh1+
{[%clk 0:23:26]} 69. Kf2 {[%clk 0:02:09]} Kf4 {[%clk 0:23:54]} 70. d5
{[%clk 0:02:19]} g3+ {[%clk 0:24:15]} 71. Rxg3 {[%clk 0:02:35]} Rh2+
{[%clk 0:24:41]} 0-1

[Event "XLV Open Internacional Barbera del Valles 2023"]
[Site "Barberà del Vallès"]
[Date "2023.07.11"]
[Round "8.10"]
[White "Dotzer, Lukas"]
[Black "Macovei, Andrei"]
[Result "0-1"]
[BlackElo "2436"]
[WhiteElo "2369"]
[LiveChessVersion "1.4.8"]

1. e4 {[%clk 1:30:58]} e5 {[%clk 1:30:05]} 2. Nf3 {[%clk 1:31:23]} Nc6
{[%clk 1:30:29]} 3. Bb5 {[%clk 1:31:47]} Nf6 {[%clk 1:30:09]} 4. d3
{[%clk 1:32:07]} Bc5 {[%clk 1:30:26]} 5. c3 {[%clk 1:32:20]} O-O 6. Bxc6
{[%clk 1:19:54]} bxc6 {[%clk 1:28:47]} 7. Nxe5 {[%clk 1:18:24]} d5
{[%clk 1:20:42]} 8. Bg5 dxe4 9. d4 {[%clk 1:02:35]} Bd6 {[%clk 1:20:40]} 10. O-O
{[%clk 0:48:04]} h6 {[%clk 0:47:26]} 11. Bh4 {[%clk 0:32:20]} Ba6
{[%clk 0:35:07]} 12. c4 c5 13. Ng4 {[%clk 0:20:05]} Be7 {[%clk 0:34:32]} 14. Bxf6
{[%clk 0:15:35]} Bxf6 {[%clk 0:34:50]} 15. Qa4 Bc8 {[%clk 0:22:17]} 16. Nxf6+
{[%clk 0:15:51]} Qxf6 {[%clk 0:22:46]} 17. dxc5 {[%clk 0:09:45]} Qxb2
{[%clk 0:19:35]} 18. Qb3 {[%clk 0:07:05]} Qe5 {[%clk 0:18:55]} 19. Nc3 e3
{[%clk 0:19:23]} 20. fxe3 {[%clk 0:03:38]} Qxe3+ {[%clk 0:19:06]} 21. Kh1
{[%clk 0:01:07]} Be6 22. Na4 {[%clk 0:00:40]} Qe4 {[%clk 0:19:15]} 23. Rac1 Rab8
{[%clk 0:19:01]} 24. Qg3 {[%clk 0:00:38]} Qc6 {[%clk 0:18:15]} 25. Nc3
{[%clk 0:00:34]} Bxc4 {[%clk 0:18:08]} 26. Rf4 {[%clk 0:00:35]} Be6
{[%clk 0:18:30]} 27. Ne4 {[%clk 0:00:35]} f5 {[%clk 0:18:32]} 28. Nf2
{[%clk 0:00:35]} Rb2 {[%clk 0:17:47]} 29. Kg1 {[%clk 0:00:32]} Rd8
{[%clk 0:15:57]} 30. Qg6 {[%clk 0:00:35]} Rf8 {[%clk 0:12:44]} 31. Re1 Rf6
{[%clk 0:13:05]} 32. Qg3 {[%clk 0:00:45]} Qxc5 {[%clk 0:12:56]} 33. Kh1
{[%clk 0:00:54]} Bd5 {[%clk 0:12:33]} 34. Rg1 {[%clk 0:00:50]} Re2
{[%clk 0:10:20]} 35. Ng4 fxg4 {[%clk 0:08:50]} 36. Rxf6 {[%clk 0:00:58]} Rxg2
{[%clk 0:09:13]} 37. Rxg2 {[%clk 0:00:59]} Qc1+ {[%clk 0:09:21]} 0-1